Online Catalogue and eLibrary

Beyond labour Issues : (Record no. 2661)

MARC details
000 -LEADER
fixed length control field 00393nam a2200157Ia 4500
005 - DATE AND TIME OF LATEST TRANSACTION
control field 20240606044732.0
008 - FIXED-LENGTH DATA ELEMENTS--GENERAL INFORMATION
fixed length control field 240331s9999 xx 000 0 und d
082 ## - DDC Classification
Item Number - Author Mark BEY
Class No. 331
245 #0 - TITLE STATEMENT
Title Beyond labour Issues :
Remainder of title women workers in Asia
260 ## - PUBLICATION, DISTRIBUTION, ETC.
Place of publication, distribution, etc. Hong Kong
Name of publisher, distributor, etc. Committee for Asian Women (Caw)
300 ## - PHYSICAL DESCRIPTION
Extent (e.g. Volumes, Pages etc.) 71 p .,
650 ## - SUBJECT ADDED ENTRY--TOPICAL TERM
Topical term or geographic name entry element Woman
650 ## - SUBJECT ADDED ENTRY--TOPICAL TERM
Topical term or geographic name entry element Work
700 ## - ADDED ENTRY--PERSONAL NAME
Personal name CAW.
Relator term (Role) Editor
942 ## - Koha item type (Biblio)
Koha item type Books in Stacks (Lending)
Holdings
Lost status Damaged status Collection code Home library Current library Shelving location Date acquired Full call number Accession Number Item type
    Lending WERC Library WERC Library Social Science Cupboard 03/31/2024 331.4 BEY 390 Books in Stacks (Lending)

© WERC Library